000 00829nam a2200253Ia 4500
003 OSt
005 20220923211336.0
006 a|||||r|||| 00| 0
007 ta
008 Pun
020 _a9788182992665 (hbk)
_c240
024 _a280,607
037 _b807, 09/03/2014, H.K. Prakashan
_cTextual
040 _aARTS
_cARTS
_bPun
041 _2Pun
_aPun
082 _aO153,6NKUx, Q2
100 _aਕੁੰਜਾਹੀ, ਸੁਰਜੀਤ ਸਿੰਘ
245 0 _aਘਟ ਘਟ ਜੋਤ ਜਗੇ
260 _aਦਿੱਲੀ
_b ਆਰਸੀ ਪਬਲਿFਰਸ
_c2012
300 _a142ਪੰ
_ccm.
650 _aਪੰਜਾਬੀ ਸਾਹਿਤ
942 _hO153,6NKUx, Q2
_cTEXL
_2CC
999 _c298619
_d298619